Intangibles : (Record no. 134987)

MARC details
000 -LEADER
fixed length control field 00658nam a22002177a 4500
005 - DATE AND TIME OF LATEST TRANSACTION
control field 20181218105112.0
010 ## - LCCN (DPL NO)
LC control number B-211135
020 ## - INTERNATIONAL STANDARD BOOK NUMBER
Terms of availability 200.00
International Standard Book Number 8172861184
035 ## - SYSTEM CONTROL NUMBER
System control number B-211135
037 ## - SOURCE OF ACQUISITION
Source of stock number/acquisition Cen Lib/Ret
082 ## - DEWEY DECIMAL CLASSIFICATION NUMBER
Classification number 881
Item number SID
100 ## - MAIN ENTRY--PERSONAL NAME
Personal name Siddiqui, Moid
245 ## - TITLE STATEMENT
Title Intangibles :
Statement of responsibility, etc by Moid Siddiqui
Remainder of title the obverse phase of management : a poetic passion /
260 ## - PUBLICATION, DISTRIBUTION, ETC. (IMPRINT)
Place of publication, distribution, etc Bangalore
Name of publisher, distributor, etc Prism Books
Date of publication, distribution, etc 1999
270 ## - ADDRESS
Address 53/2, Bull Temple Road
City Bangalore
Postal code 560019
300 ## - PHYSICAL DESCRIPTION
Extent xiii,165p. :
Dimensions 18cm(pbk)
Other physical details ill.
650 ## - SUBJECT ADDED ENTRY--TOPICAL TERM
Topical term or geographic name as entry element Intangibles
650 ## - SUBJECT ADDED ENTRY--TOPICAL TERM
Topical term or geographic name as entry element Intangibles--Management
942 ## - ADDED ENTRY ELEMENTS (KOHA)
Source of classification or shelving scheme Dewey Decimal Classification
Item type English Books
Classification part 881
Call number suffix SID
Holdings
Withdrawn status Lost status Not for loan Home library Current library Date acquired Source of acquisition Cost, normal purchase price Full call number Barcode Copy number Cost, replacement price Koha item type
      Central Library Central Library 04/08/2015 Cen Lib/Ret 200.00 881 SID B-211135 1 200.00 English Books

© Delhi Public Library
Hit Counter
free hit counter